| 000 | 00703nam a2200253 a 4500 | ||
|---|---|---|---|
| 001 | 371 | ||
| 003 | BR-CuiBMT | ||
| 005 | 20231106225043.0 | ||
| 008 | 231101s2017 mgba 000 0 por d | ||
| 020 | _a9788545004097 | ||
| 040 |
_aBR-CuiBMT _cBR-CuiBMT |
||
| 080 |
_22007 _a342 |
||
| 090 |
_a342 _bJ58c _c2. ed. |
||
| 100 | 1 |
_aJeveaux, Geovany Cardoso, _d1966- |
|
| 245 | 0 |
_aComentários às sumulas vinculantes / _cGeovany Cardoso Jeveaux. |
|
| 250 | _a2. ed. | ||
| 260 |
_aBelo Horizonte : _bFórum, _c2017. |
||
| 300 |
_a401 p. : _bil. ; _c22 cm |
||
| 504 | _aInclui bibliografia. | ||
| 650 | _aDireito constitucional | ||
| 650 | _aDireito civil | ||
| 650 | _aDireito público | ||
| 942 |
_2udc _cLV |
||
| 999 |
_c371 _d371 |
||